00431nam a22001697a 4500003000700000005001700007008004100024020001800065082002300083100002000106245002100126250001700147260003400164300000800198490002600206650002900232MPLRDC20220104123324.0210129b ||||| |||| 00| 0 eng d a7-115-05684-6 a312.949 W1LZA 1995 a刘振安编著 aWINDOWS 编程c a一版一刷 ab人民邮电出版社c1995 b平 a计算机培训丛书 a电脑应用及其程式